Derecho del trabajo
Gorde:
| Egile Nagusiak: | , |
|---|---|
| Formatua: | Liburua |
| Hizkuntza: | gaztelania |
| Argitaratua: |
Madrid
Civitas
2001
|
| Edizioa: | 19a. ed |
| Gaiak: | |
| Etiketak: |
Etiketa erantsi
Etiketarik gabe, Izan zaitez lehena erregistro honi etiketa jartzen!
|
MARC
| LEADER | 00000nam a2200000 a 4500 | ||
|---|---|---|---|
| 001 | UCM7707 | ||
| 003 | CL-VaPUC | ||
| 008 | 030110e20010000SP |||||||||||||||||spa|d | ||
| 082 | 0 | 4 | |a 344.01 |b ALO |2 21 |
| 100 | 0 | |a Alonso Olea, Manuel |e author |9 473325 | |
| 700 | 0 | |a Casas Baamonde, María Emilia |e author |9 473326 | |
| 245 | 1 | 0 | |a Derecho del trabajo |
| 250 | |a 19a. ed | ||
| 300 | |a 1255 p | ||
| 942 | |c BK | ||
| 945 | |d 20030110 00:00:00 |a vberengu | ||
| 260 | |a Madrid |b Civitas |c 2001 | ||
| 650 | 7 | |a DERECHO LABORAL |2 CL-VaPUC |9 15 | |
| 650 | 0 | |a Trabajadores |9 260887 | |
| 650 | 0 | |a Trabajo |9 313876 | |
| 650 | 7 | |a CONTRATO DE TRABAJO |2 CL-VaPUC |9 473327 | |
| 650 | 7 | |a CONVENIOS COLECTIVOS |2 CL-VaPUC |9 473328 | |
| 651 | 0 | |a España |9 254926 | |
| 583 | |a last modification |c 20170724 12:29:51 |k Rodrigo Vera | ||
| 999 | |c 302391 |d 302389 | ||
| 952 | |0 0 |1 0 |4 0 |6 344_010000000000000_ALO_2001 |7 0 |8 A |9 362887 |a BIBDER |b BIBDER |d 2019-11-21 |i 3876276 |l 1 |o 344.01 ALO 2001 |p 3876276 |r 2023-01-25 |s 2020-06-12 |w 2019-11-21 |y BK |k DER | ||